| 000 | 01355nam0a22002891 4500 | ||
|---|---|---|---|
| 001 | rc\2247719 | ||
| 005 | 20110829182145.6 | ||
| 035 | _a(NLR Aleph) 006498539 | ||
| 090 |
_a6206878 _c6206878 |
||
| 100 | _a20110829d1979 |||y0rusy50 ca | ||
| 101 | 0 | _arus | |
| 102 | _aRU | ||
| 105 | _aa z ||||| | ||
| 200 | 1 |
_aВлияние экономических показателей на производительность труда _fК. э. н. С.М. Галкин, к. т. н. Решетов |
|
| 210 |
_aМосква _cКнига _d1979 |
||
| 215 |
_a45 с. _cил. _d21 |
||
| 225 | 1 |
_aПолиграфическая промышленность _eОбзор. информ. _fЦБНТИ и техн.-экон. исслед. по изд. делу, полигр. пром-сти и кн. торговле (ЦБНТИ по печати) _vВып. 4 |
|
| 300 | _aНа обл. авт. не указаны | ||
| 300 | _aВ надзаг. также: Гос. ком. СССР по делам изд-в, полиграфии и кн. торговли. Всесоюз. кн. палата | ||
| 320 | _aБиблиогр.: с. 42-43 | ||
| 700 | 1 |
_aГалкин _bС. М. |
|
| 701 | 1 |
_aРешетов _bЕ. Т. _gЕвгений Тимофеевич |
|
| 801 | 0 |
_aRU _bNLR _gpsbo |
|
| 801 | 1 |
_aRU _bELAR _2rusmarc |
|
| 852 |
_aNLR _jП10/5296 |
||
| 942 | _cBOOK | ||
| 980 | _aNB | ||